00460nam a2200145 a 450000100100000000500170001000800410002704000250006808200150009310000290010824500890013726000190022630000270024550000420027200000718220200929154105.0090907s1995 dr a 001 0 spa d aDO-SdBNPbspacBNPHU axxxbB352d1 aBautista López, Benito10aDiversión dominicana :beslabón de nuestars culturas /cBenito Bautista López. aSanto Domingo. a112 p. :bil ;c21 cm. aIncluye datos biográficos del autor